Hóa học phân tích Phần 1 Cơ sở lý thuyết các phương pháp Hóa học phân tích
Đã lưu trong:
| Hovedforfatter: | |
|---|---|
| Format: | Bog |
| Udgivet: |
H.
Đại học quốc gia Hà Nội
2007
|
| Udgivelse: | In lần thứ 3 |
| Tags: |
Tilføj Tag
Ingen Tags, Vær først til at tagge denne postø!
|
| Thư viện lưu trữ: | Trung tâm Học liệu Lê Vũ Hùng, Trường Đại học Đồng Tháp |
|---|
| LEADER | 00640pam a22001698a 4500 | ||
|---|---|---|---|
| 001 | 00039311 | ||
| 005 | 20190318160315.0 | ||
| 008 | 170518s2007 ||||||Viesd | ||
| 041 | 0 | # | |a Vie |
| 082 | 1 | 4 | |a 543 |b H401H |
| 100 | 1 | # | |a Từ, Vọng Nghi |
| 245 | 1 | 0 | |n Phần 1 |a Hóa học phân tích |c Từ Vọng Nghi |p Cơ sở lý thuyết các phương pháp Hóa học phân tích |
| 250 | # | # | |a In lần thứ 3 |
| 260 | # | # | |a H. |b Đại học quốc gia Hà Nội |c 2007 |
| 300 | # | # | |a 320 tr. |b 21cm |
| 852 | # | # | |j KD.0022161 |j KM.0023029 |
| 980 | # | # | |a Trung tâm Học liệu Lê Vũ Hùng, Trường Đại học Đồng Tháp |